[Event "BL 2016-17"]
[Site "St. Veit/Glan"]
[Date "2017.03.24"]
[Round "6"]
[White "Theuretzbacher, Klaus"]
[Black "Rozentalis, Eduardas"]
[Result "0-1"]
[WhiteElo "2249"]
[BlackElo "2548"]
[Annotator "TA"]
[PlyCount "68"]
[EventDate "2017.??.??"]
[EventType "team-tourn"]
[EventCountry "AUT"]
[SourceTitle "playchess.com"]
[Source "ChessBase"]
[SourceQuality "1"]
[WhiteTeam "St. Valentin"]
[BlackTeam "Hohenems"]

{[%evp 6,67,0,-4,40,44,56,36,47,33,62,17,50,29,34,28,33,22,19,14,16,5,2,16,10,-73,-11,-14,-2,-37,-17,-51,-47,-35,-35,-82,-83,-134,-124,-377,-347,-299,-271,-297,-293,-285,-272,-267,-262,-294,-288,-281,-289,-399,-390,-488,-491,-651,-564,-29992,-29993,-29993,-29994,-29999]} 1. e4 e6 2. Nf3 d5 3. e5 c5 4. b4 Bd7 {C00: French: Unusual White 2nd moves} (4... c4 5. c3 a5 6. b5 Nd7 7. d4 cxd3 8. Bxd3 Qc7 9. Qe2 Ne7 10. Bf4 h6 11. h4 g6 12. O-O Bg7 13. Nbd2 b6 14. c4 {1-0 (49) Bortnyk,O (2568)-Stupak,K (2535) Lvov 2016}) 5. bxc5 Bxc5 6. d4 Be7 {White is slightly better.} 7. c3 Qa5 8. Nfd2 $146 (8. Qb3 Nc6 9. Bd3 O-O-O 10. Ba3 h6 11. Bxe7 Ngxe7 12. Na3 {1-0 (24) Weng,A (2085)-Just,G (2005) Braunfels 1996}) 8... Nc6 9. a4 f6 10. f4 Nh6 11. Bd3 fxe5 12. fxe5 O-O 13. Nf3 Be8 14. O-O Bh5 15. Ba3 {[#]} (15. Bxh6 $11 {keeps the balance.} gxh6 16. Qc1) 15... Bxa3 (15... Bxf3 $1 $17 16. Rxf3 Rxf3 17. Qxf3 (17. gxf3 Rf8 $17) 17... Qxa4) 16. Rxa3 $11 Nf5 {[%cal Bh6f5,Bf5e3,Be3g2][%mdl 32] With the idea ...Ne3.} 17. Qd2 {Threatening Ng5.} h6 18. Rb3 Qc7 ({Don't go for} 18... Qxa4 $2 19. Ra3 (19. Rxb7 Rab8 20. Rxb8 Nxb8 $11) 19... Qa5 20. Rxa5 $18) 19. Na3 a6 20. Rbb1 Rac8 21. Qb2 (21. Ne1 $142) 21... Ne3 $17 22. Rfe1 $2 {[%mdl 8192] [#]} (22. Rf2 $17) 22... Nxg2 $1 $19 {[%mdl 512]} 23. Qxg2 {Strongly threatening Re3.} Rxf3 24. Bg6 Bxg6 ({But not} 24... Rxc3 25. Bxh5 Rxa3 26. Qg4 $19) 25. Qxf3 Rf8 ({Don't play} 25... Bxb1 26. Nxb1 Ne7 27. Qh5 $19) 26. Qh3 Bf5 27. Qe3 Bxb1 28. Rxb1 Ne7 29. Qh3 Nf5 30. Nc2 Qc4 31. Ne1 {[#]} Nxd4 $1 {[%mdl 512]} 32. Rxb7 (32. cxd4 Qxd4+) 32... Ne2+ {Black mates.} 33. Kh1 Qe4+ (33... Qxa4 $2 34. Qg2 Qe4 35. Rxg7+ Kh8 36. Qxe4 dxe4 37. Rb7 $19) 34. Qg2 Rf1# 0-1

[Event "BL 2016-17"]
[Site "St. Veit/Glan"]
[Date "2017.03.24"]
[Round "6"]
[White "de Francesco, Klaus"]
[Black "Schlosser, Philipp"]
[Result "0-1"]
[WhiteElo "2227"]
[BlackElo "2517"]
[Annotator "TA"]
[PlyCount "50"]
[EventDate "2017.??.??"]
[EventType "team-tourn"]
[EventCountry "AUT"]
[SourceTitle "playchess.com"]
[Source "ChessBase"]
[SourceQuality "1"]
[WhiteTeam "Absam"]
[BlackTeam "Jenbach"]

{[%evp 22,50,-12,-34,-16,-28,-31,-22,0,-64,-49,-78,-69,-89,-84,-114,-100,-103,-94,-96,-96,-186,-180,-174,-192,-259,-242,-309,-291,-293,-304]} 1. d4 Nf6 2. c4 e6 3. Nc3 Bb4 4. Nf3 b6 5. Bg5 h6 6. Bh4 Bb7 7. Nd2 Nc6 {E13: Queen's Indian/Nimzo-Indian hybrid: 4 Nc3 Bb7 5 Bg5 h6 6 Bh4 Bb4} 8. e3 Ne7 9. f3 Nf5 10. Bf2 c5 11. a3 cxd4 12. exd4 {LiveBook: 5 Games} Bxc3 13. bxc3 O-O 14. Bd3 d5 15. O-O (15. c5 $11) 15... dxc4 16. Nxc4 Rc8 $146 17. Rc1 {[#]} Nd5 $1 18. Qd2 Ba6 19. Ne5 Bxd3 20. Nxd3 Nd6 21. Ne5 {[#]} (21. Nb4 $17) 21... Nc4 $1 $19 {[%cal Rc4d2]} 22. Qd3 Qg5 23. h4 ({Don't consider} 23. Nxc4 $2 Nf4 24. Ne3 Nxd3 $19) (23. Bg3 $142 Nxe5 24. dxe5) 23... Nxe5 24. dxe5 {[#]} Qxg2+ $1 {[%mdl 512]} ({Much less strong is} 24... Qxe5 25. Qd4 Qxd4 26. cxd4 $19) 25. Kxg2 Nf4+ 0-1

[Event "BL 2016-17"]
[Site "St. Veit/Glan"]
[Date "2017.03.24"]
[Round "6"]
[White "Dornauer, Joachim"]
[Black "Baenziger, Fabian"]
[Result "0-1"]
[WhiteElo "2181"]
[BlackElo "2341"]
[Annotator "TA"]
[PlyCount "84"]
[EventDate "2017.??.??"]
[EventType "team-tourn"]
[EventCountry "AUT"]
[SourceTitle "playchess.com"]
[Source "ChessBase"]
[SourceQuality "1"]
[WhiteTeam "St. Valentin"]
[BlackTeam "Hohenems"]

{[%evp 16,84,35,20,36,29,34,7,23,12,26,13,28,0,11,0,0,0,0,11,0,0,0,0,0,-7,17,-24,-20,-29,0,-53,-46,-33,-52,-49,42,46,58,-63,-62,-194,-197,-197,-206,-229,-131,-127,-127,-134,-127,-118,-113,-220,-207,-210,-189,-219,-188,-200,-186,-187,-175,-206,-205,-205,-205,-203,-186,-454,-459]} 1. d4 Nf6 2. c4 d6 3. Nf3 g6 4. Nc3 Bg7 5. e4 O-O 6. Be2 e5 7. O-O Nbd7 8. d5 a5 9. Qc2 {LiveBook: 17 Games} Ne8 {E94: King's Indian: Classical: 6 Be2 e5 7 0-0: Various Black 7th moves} (9... b6 10. Bg5 h6 11. Bh4 g5 12. Bg3 Nh5 13. Nd1 Nc5 14. Ne3 Nf4 15. Rfe1 h5 16. h3 Qf6 17. Nd2 {1-0 (42) Vocaturo,D (2572)-Oratovsky,M (2490) Benasque 2015}) 10. Bg5 f6 11. Bh4 Nc5 {The position is equal.} (11... g5 $5) 12. Nd2 Bh6 $146 (12... g5 13. Bg3 f5 14. exf5 Bxf5 15. Nde4 Nxe4 16. Nxe4 Nf6 17. Bd3 Nxe4 18. Bxe4 {½-½ (18) Neubauer,A (2154)-Artukovic,A (2009) Germany 2007}) 13. Rab1 Ng7 14. b3 Qe8 15. a3 Bd7 16. b4 axb4 17. axb4 Na4 18. Nb5 Bxb5 19. cxb5 f5 20. f3 Nh5 21. Bf2 Nf4 22. Bc4 Qe7 23. Nb3 (23. Rfd1 $11) 23... Qg5 $36 {[%csl Gf4][%cal Rg5g2][%mdl 2048] [#] Black has some pressure.} 24. Bg3 Nh5 25. Bf2 Nf6 (25... Nb6 $15 26. Na5 Nf4) 26. Bd3 $14 {[%cal Re4f5]} Nh5 27. Ra1 ({White has to play} 27. Rfe1 $1 $14) 27... Nf4 $1 $15 {[%csl Gf4][%cal Rg5g2] [#]} 28. Bg3 (28. g3 $1 $15) 28... Nxd3 $19 29. Qxd3 fxe4 30. Qxe4 Qe3+ ({Better is} 30... Nc3 $19 31. Qc4 Qe3+ 32. Kh1 Rxa1 33. Rxa1 e4) 31. Qxe3 $17 Bxe3+ 32. Bf2 Bxf2+ 33. Rxf2 Nc3 34. Rc1 (34. Rxa8 $17 {keeps fighting.} Rxa8 35. b6) 34... Nxb5 $19 35. Na5 Ra7 36. Re2 Rf4 37. Re4 Rxe4 38. fxe4 Kf8 39. Kf2 Ke8 40. Rc2 b6 41. Nc6 Ra3 {...Nc3 is the strong threat.} 42. h4 $2 (42. Rc1 {was called for.}) 42... Nc3 0-1

[Event "BL 2016-17"]
[Site "St. Veit/Glan"]
[Date "2017.03.24"]
[Round "6"]
[White "Kranzl, Peter"]
[Black "Froewis, Georg"]
[Result "1/2-1/2"]
[WhiteElo "2168"]
[BlackElo "2441"]
[Annotator "TA"]
[PlyCount "98"]
[EventDate "2017.??.??"]
[EventType "team-tourn"]
[EventCountry "AUT"]
[SourceTitle "playchess.com"]
[Source "ChessBase"]
[SourceQuality "1"]
[WhiteTeam "St. Valentin"]
[BlackTeam "Hohenems"]

{[%evp 17,98,67,98,68,120,108,155,72,73,80,77,59,89,84,73,57,79,67,218,221,230,230,226,229,222,200,233,164,163,168,196,189,227,227,219,121,125,109,112,108,200,200,264,269,265,284,368,358,400,320,375,203,387,345,363,347,350,283,345,283,276,223,283,283,283,295,283,266,297,296,286,254,400,144,144,144,144,144,144,144,144,144,145]} 1. e4 {[%cal Be2e4,Be4e5][%mdl 32]} e6 2. d4 d5 3. Nd2 Nc6 4. Ngf3 Nf6 5. e5 Nd7 6. Nb3 Be7 7. Bb5 O-O 8. O-O {C04: French Tarrasch: 3...Nc6} f6 9. exf6 Bxf6 {LiveBook: 4 Games} 10. Bf4 {White is better.} Ne7 (10... a5 $14) 11. Re1 $16 a6 $146 (11... Ng6 12. Bg3 Re8 13. c3 c6 14. Bd3 Ndf8 {1-0 (69) Luther,T (2552)-Goh,W (2441) Petaling Jaya 2013}) 12. Bxd7 (12. Bd3 $142) 12... Qxd7 13. Nc5 Qc6 14. Nd3 Nf5 15. c3 b6 16. Qe2 Qd7 17. Ng5 h6 $2 {[#]} (17... Bxg5 $14 18. Bxg5 a5) 18. Qxe6+ $18 Qxe6 19. Nxe6 Bxe6 20. Rxe6 Rac8 21. Rae1 a5 22. Ne5 Bxe5 23. Bxe5 ({Much less strong is} 23. R1xe5 Nxd4 24. cxd4 Rxf4 $16) ({Not} 23. dxe5 Kf7 24. Rc6 Ke8 25. Re6+ Kf7 $11) 23... Rfe8 24. Bf4 Rxe6 25. Rxe6 {[%mdl 4096] Endgame KRB-KRN} c6 26. f3 (26. g4 $18 Nh4 27. Bd6) 26... Kf7 $16 27. Re2 a4 28. Kf2 b5 (28... g5 $16) 29. g4 $18 Ne7 30. Bd6 Ng8 31. h4 {[%cal Bh2h4,Bh4h5][%mdl 32]} Re8 32. Rxe8 Kxe8 {KB-KN} 33. h5 Kf7 34. b3 (34. Kg3 $142) 34... axb3 $2 {[#]} (34... Nf6 35. Ke3 Nd7) 35. axb3 Nf6 36. Ke3 Nh7 37. Be5 Ng5 38. Bf4 Ne6 39. Bg3 Nd8 40. Be5 Ne6 41. f4 Nf8 42. Kd3 g6 43. hxg6+ Kxg6 44. Ke3 ({Resist} 44. f5+ $6 Kg5 $16) 44... h5 (44... Nh7 {was called for.} 45. Kf2 h5) 45. Kf3 $2 (45. f5+ $18 {and White stays clearly on top.} Kg5 46. f6) 45... hxg4+ $16 {White is clearly better.} 46. Kxg4 Nd7 47. f5+ Kf7 48. Kf4 Ke7 49. Bg7 Kf7 1/2-1/2

[Event "BL 2016-17"]
[Site "St. Veit/Glan"]
[Date "2017.03.24"]
[Round "6"]
[White "Kranz, Armin"]
[Black "Hebesberger, Thomas"]
[Result "0-1"]
[WhiteElo "2068"]
[BlackElo "2299"]
[Annotator "TA"]
[PlyCount "132"]
[EventDate "2017.??.??"]
[EventType "team-tourn"]
[EventCountry "AUT"]
[SourceTitle "playchess.com"]
[Source "ChessBase"]
[SourceQuality "1"]
[WhiteTeam "Götzis"]
[BlackTeam "St. Veit"]

{[%evp 25,132,35,26,26,42,22,45,54,61,39,37,-16,-16,-17,-24,-14,-17,-17,-16,-10,0,-50,-54,-46,-42,-42,-26,-55,-31,-26,-31,-97,-101,-240,-235,-220,-177,-188,-196,-219,-211,-214,-213,-212,-212,-189,-151,-155,-155,-155,-153,-178,-178,-175,-175,-173,-170,-313,-314,-310,-293,-305,-305,-305,-180,-186,0,-285,-283,-281,-254,-275,-270,-283,-206,-298,-289,-363,-356,-358,-355,-358,-351,-443,-439,-420,-439,-431,-414,-390,-444,-442,-440,-438,-424,-424,-422,-422,-407,-505,-479,-522,-506,-581,-550,-652,-633,-614,-600]} 1. d4 Nf6 2. Nf3 e6 3. c4 Bb4+ 4. Nbd2 b6 5. a3 Bxd2+ 6. Qxd2 a5 7. b3 Bb7 8. e3 O-O 9. Be2 d6 10. Bb2 Nbd7 11. O-O Ne4 {E14: Queen's Indian: Classical Variation (4 e3)} (11... Qe7 12. Qc2 c5 13. Rfd1 Rfd8 14. Qc3 Ne4 15. Qe1 h6 16. Nd2 Nef6 17. Nb1 cxd4 18. exd4 e5 19. Bf1 e4 {1-0 (64) Wojtaszek,R (2742)-Moiseenko,A (2698) Germany 2015}) 12. Qc2 f5 13. Rad1 Qe7 {LiveBook: 13 Games. White is slightly better.} 14. Ne1 Qg5 15. Bc1 $146 (15. d5 e5 16. f4 Qh6 17. Rf3 exf4 18. Rh3 Qg5 19. Nf3 Qe7 20. exf4 {1-0 (41) Zaiatz,E (2387)-Demina,J (2330) Sochi 2007}) 15... Qg6 16. f3 Nef6 17. Bd3 Qf7 18. e4 (18. Bb2 $14) 18... fxe4 $11 19. fxe4 e5 20. d5 Nc5 21. Nf3 Qh5 22. Rde1 Bc8 23. b4 Nxd3 24. Qxd3 axb4 25. axb4 Bd7 26. c5 bxc5 27. bxc5 Qg4 28. Ng5 (28. c6 $15 Bc8 29. Qc2) 28... Ra2 $17 {[%csl Ga2][%cal Rg4g2] [#]} (28... dxc5 $6 29. h3 Qh5 30. Qc3 $11 (30. Ne6 Bxe6 31. dxe6 Qe8 $11)) 29. g3 (29. Qf3 $17 {was worth a try.}) 29... Qh5 $19 {[%csl Ga2][%cal Rh5h2]} (29... dxc5 30. d6 Ra4 31. dxc7 $11) 30. h4 Qg4 {Strongly threatening ...Bb5!} ({Stronger than} 30... dxc5 31. d6 Ra4 32. dxc7 $11) 31. c6 Bc8 {aiming for ...Ba6.} 32. Qf3 h6 33. Qxg4 Bxg4 $40 {[%mdl 128] Black is out for blood.} 34. Ne6 Bxe6 35. dxe6 Raa8 36. Bd2 Rae8 37. Ba5 Rxe6 38. Bxc7 Rc8 39. Ba5 {White wants to play c7.} Rxc6 40. Bd8 Ng4 41. Rf3 {[#]} (41. Rc1 $142 Rxc1 42. Rxc1) 41... Re8 $1 {[%cal Re8d8]} 42. Ba5 Ra8 43. Bd2 Ra2 44. Rd3 Rcc2 (44... Kf7 $142 45. Kg2 Nf6) 45. Re2 Rc6 $2 (45... Ra6 $19 {And now ...Nf6 would win.} 46. Kg2 Nf6) 46. Kf1 $2 {[%mdl 8192]} (46. Re1 $1 $11 {and White has nothing to worry.}) 46... Kf7 47. Bb4 Rc1+ 48. Be1 Ra6 49. Kg2 Ke6 50. Bb4 (50. Rc3 {was called for.} Rxc3 51. Bxc3) 50... Rc4 51. Ba3 Rd4 52. Rb3 Nf6 53. Kf3 Raa4 54. Bb2 Rxe4 55. Rxe4 Rxe4 {[%mdl 4096] Endgame KRB-KRN} ({Resist} 55... Nxe4 56. Bc1 $19) 56. Rb7 Rg4 57. Ba3 h5 58. Rb6 Rd4 {Threatens to win with ...Rd3+.} 59. Bc5 Rd3+ 60. Ke2 Rd5 ({Weaker is} 60... Rxg3 61. Rxd6+ Kf5 62. Bb4 $19) 61. Bb4 g6 62. Ra6 Ne4 {Black is clearly winning.} 63. Be1 Rb5 64. Kf3 Kf5 65. Ra3 Rb1 66. Ke2 d5 0-1

[Event "BL 2016-17"]
[Site "St. Veit/Glan"]
[Date "2017.03.24"]
[Round "6"]
[White "Mira, Helene"]
[Black "Sebenik, Matej"]
[Result "0-1"]
[WhiteElo "2068"]
[BlackElo "2545"]
[Annotator "TA"]
[PlyCount "86"]
[EventDate "2017.??.??"]
[EventType "team-tourn"]
[EventCountry "AUT"]
[SourceTitle "playchess.com"]
[Source "ChessBase"]
[SourceQuality "1"]
[WhiteTeam "Bregenz"]
[BlackTeam "Feffernitz"]

{[%evp 17,86,26,27,27,47,23,49,30,30,27,50,48,42,39,67,52,48,51,50,41,41,45,67,50,50,44,44,11,20,-108,-128,-208,-198,-206,-195,-195,-204,-193,-205,-197,-196,-270,-239,-264,-264,-269,-243,-274,-280,-269,-286,-389,-381,-486,-475,-629,-577,-29973,-29974,-29974,-29975,-29985,-29986,-29986,-29987,-29987,-29988,-29988,-29989,-29990,-29991]} 1. d4 Nf6 2. c4 g6 3. Nc3 Bg7 4. e4 d6 5. Be2 O-O 6. Nf3 Nbd7 7. O-O e5 8. Re1 a6 9. Bf1 {E95: King's Indian: Classical: 7...Nbd7 8 Re1} exd4 {LiveBook: 4 Games} 10. Nxd4 Re8 11. f3 {White is slightly better.} c5 (11... Nc5 12. Be3 Bd7 13. Qd2 Qe7 14. Rad1 Qf8 15. Kh1 Rac8 16. b4 Ne6 {0-1 (53) Mareco,S (2635)-Bortnyk,O (2581) Doha 2016}) 12. Nde2 $146 (12. Nc2 Ne5 13. Bg5 h6 14. Be3 Be6 15. b3 Qc7 16. Qd2 Kh7 17. Rad1 Rad8 {0-1 (41) Grigorchuk,S-Eros,P (2141) Mondariz 2003}) 12... Ne5 13. Nf4 Nc6 14. Be3 g5 15. Nfe2 h6 16. Qd2 Be6 17. b3 b5 18. cxb5 axb5 19. Nxb5 d5 20. Bxc5 dxe4 21. Qxd8 Rexd8 22. Nc7 Nd7 23. Nxe6 (23. Nxa8 $11 {keeps the balance.} exf3 24. gxf3 (24. Rac1 fxe2 25. Nc7 exf1=R+ 26. Kxf1 Bf5 $17)) 23... fxe6 $17 24. Rac1 (24. Bf2 $17 exf3 25. gxf3) 24... exf3 $19 ({And not} 24... Rxa2 25. Bf2 (25. fxe4 $2 Nxc5 26. Rxc5 Rxe2 27. Bxe2 Bd4+ 28. Kf1 Bxc5 $19) 25... exf3 26. Rxc6 $14) 25. gxf3 Nxc5 ({Worse is} 25... Rxa2 26. Bb6 Nxb6 27. Rxc6 $11) 26. Rxc5 Nd4 {[#] And now ...Nxe2+ would win.} 27. Kh1 {Threatening Nxd4.} Nxf3 28. Rec1 Rxa2 29. Rc8 (29. R1c2 {is a better defense.} Rxc2 30. Rxc2) 29... Rxc8 30. Rxc8+ Kf7 31. Rc7+ Kg6 32. Rc6 Kf5 33. Ng3+ Kf4 {[%csl Gf3][%cal Ra2h2] [#]} 34. Rc4+ Bd4 {[%csl Gf3][%cal Ra2h2]} 35. Bg2 Ra1+ 36. Nf1 e5 {[%cal Be6e5,Be5e4,Be4e3][%mdl 32]} 37. Rc2 g4 {Black mates.} 38. h3 h5 {[%cal Bh6h5,Bh5g4][%mdl 32]} 39. Rc7 e4 40. Rf7+ Kg5 41. hxg4 hxg4 42. Re7 e3 43. Re4 Kf5 0-1

[Event "BL 2016-17"]
[Site "St. Veit/Glan"]
[Date "2017.03.24"]
[Round "6"]
[White "Kuntner, Reinhard"]
[Black "Mesaros, Florian"]
[Result "1-0"]
[WhiteElo "2021"]
[BlackElo "2382"]
[Annotator "TA"]
[PlyCount "41"]
[EventDate "2017.??.??"]
[EventType "team-tourn"]
[EventCountry "AUT"]
[SourceTitle "playchess.com"]
[Source "ChessBase"]
[SourceQuality "1"]
[WhiteTeam "Nickelsdorf"]
[BlackTeam "Wulkaprodersdorf"]

{[%evp 22,41,48,43,54,63,58,63,107,99,219,210,620,626,919,895,981,950,926,901,29991,29992]} 1. c4 e6 2. Nf3 d5 3. e3 Nf6 4. d4 c5 5. Nc3 Nc6 6. a3 a6 7. dxc5 Bxc5 8. b4 Ba7 9. Bb2 O-O 10. Rc1 dxc4 11. Bxc4 Qe7 12. O-O e5 $146 {D40: Queen's Gambit Declined: Semi-Tarrasch with 5 e3} (12... b5 13. Ba2 Bb7 14. Bb1 Rac8 15. Qc2 Nb8 16. Rfd1 Nbd7 17. Qe2 Rc4 18. h3 Rfc8 19. Nd2 R4c7 20. Nde4 Nxe4 21. Bxe4 Bxe4 22. Nxe4 Rxc1 23. Rxc1 Rxc1+ 24. Bxc1 Ne5 25. Qc2 Nc4 26. Nd2 Qc7 {½-½ (27) Zhao,Z (2359)-Schneider,D (2405) Athens 2001}) 13. Nd5 Nxd5 14. Bxd5 Rd8 {[#]White is slightly better.} 15. Qb3 $1 e4 (15... Bd7 $16 {was called for.}) 16. Qc3 $18 {[%csl Gb2][%cal Rc3g7]} ({Don't take} 16. Bxc6 $6 exf3 17. Bxf3 Be6) 16... Nd4 $2 (16... Qf8) 17. Nxd4 Rxd5 {[#]} 18. Nc6 $1 {[%csl Gb2][%cal Rc3g7][%mdl 512]} Qg5 {[#]} (18... bxc6 19. Qxg7#) 19. Ne7+ $1 {[%mdl 512]} Kf8 (19... Qxe7 20. Qxg7#) 20. Nxd5 {Strongly threatening Qxc8+.} Qxd5 21. Qxg7+ 1-0